000 00526nam a22001817a 4500
005 20250317105308.0
008 250317b |||||||| |||| 00| 0 eng d
020 _a9781526462497
041 _aEng
082 _a658.4092 BAZ
100 _aBazeley, Pat
245 _aA Practical Introduction to Mixed Methods for Business and Management
250 _a1st
260 _aLondon
_b SAGE Publications
_c2018
300 _a123;. P. 23 cm
650 _aBusiness Strategy; Leadership; Human Resource Management.
942 _cBK
999 _c43336
_d43336